Quizz sur les dates clés de la ville d'Orléans - Statistiques

Statistiques générales
  • Ce quiz a été pris 30 fois
  • Le résultat moyen est 6 sur 12
Statistiques - réponses
Hint Réponse % Correct
Année de la libération de la ville
par Jeanne d'Arc
1429
89%
Année de la libération d'Orléans par les troupes du Général Patton 1944
79%
Année du double sacre d'Hugues Capet et de son fils
Robert II le Pieux dans la cathédrale d'Orléans
987
74%
Année du siège d'Orléans par Attila 451
68%
Année du sacre de Louis VI le Gros dans la cathédrale d'Orléans 1108
58%
Année de la mort du roi François II dans l'hôtel Groslot 1560
58%
Depuis quelle année Orléans est le siège de la préfecture de région ? 1964
32%
Année de la nomination de Monseigneur Dupanloup
comme évêque d'Orléans
1849
26%
Année de l'arrivée du tramway à Orléans 1877
26%
Année de la création de l'université de la ville 1306
21%
Année de la création de la Compagnie du chemin
de fer de Paris à Orléans
1852
16%
Année de la « Rumeur d'Orléans » 1969
16%
Aucun quiz correspondant
Distribution des résultats
% des personnes avec chaque résultat
Percentile par nombre de réponses
Votre historique - résultats
Vous n’avez pas pris ce quiz